Statystyki dla Czy potrafisz odgadnąć te miasta? #4

Kliknij tutaj aby rozwiązać quiz!

Ogólne statystyki

  • Ten quiz został rozwiązany 27 razy
  • Średni wynik to 6 z 20

Statystyki odpowiedzi

PodpowiedźMiasto% Poprawnych
Miejsce urodzenia Mikołaja KopernikaToruń
92%
Miasto - gospodarz pierwszych Mistrzostw Świata w piłce nożnejMontevideo
52%
Światowa stolica muzyki jazzowejNowy Orlean
52%
W tym mieście znajduje się Brama IndiiNowe Delhi
44%
Miasto w Niemczech, którego co czwarty obywatel nie jest NiemcemHamburg
40%
Miasto w Nowej Zelandii. Tak samo na nazwisko ma 7-krotny mistrz Formuły 1Hamilton
40%
Miasto położone nad jeziorem MichiganChicago
36%
Miasto zwane ze swojego sztucznie stworzonego półwyspu w kształcie palmyDubaj
36%
Miasto u podnóża Gór Skalistych. Jeden z bohaterów "Domu z Papieru" posiadał taki pseudonimDenver
32%
Miasto, które dawniej nazywało się SajgonHo Chi Minh
32%
W mieście łączą się wody Nilu Białego i Błękitnego. Po polsku nazwa tego miasta oznacza "Trąba Słonia"Chartum
24%
Stolica kraju, który znany jest z pewnego animowanego filmu oraz serialu w którym bohaterami jest grupa zwierzątAntananarywa
20%
Główny port Afryki WschodniejMombasa
20%
Największe miasto EkwadoruGuayaquil
12%
Miasta leżące nad zatoką Faxa. Żyje w nim ponad 30% całej populacji krajuReykjavik
12%
Miasto, które od 1924 roku do 1961 było znane pod nazwą StalinoDonieck
8%
Miasto oznaczające po łacinie "Nowe Miasto"Neapol
8%
Miasto leżące nas rzeką LimmatZurych
8%
Miasto leżące w dolinie rzeki HrazdanErywań
4%
Dawniej Port ElizabethGqeberha
4%

Rozkład punktacji

Percentyl według liczby udzielonych odpowiedzi

Procent ludzi z każdym wynikiem

Twoja historia wyników

Nie rozwiązałeś tego quizu